000 00998nam a2200229Ia 4500
003 OSt
005 20200908154221.0
008 191128s2004 ck a gr 000 0 spa d
020 _a9589679587
040 _aCO-JMCR
_cCO-JMCR
041 0 _aspa
082 0 4 _a381.45002 /
_bA283e
_223
100 1 _aAguillón Rojas, José Serafín,
_eautor
_99979
245 1 0 _aEstadísticas del libro en Colombia 2003 /
_cJosé Serafín Aguillon Rojas
260 _aBogotá :
_bCámara Colombiana del Libro,
_c2004.
300 _a222 páginas :
_bilustraciones en color ;
_c24 cm.
505 0 _aIndicadores del libro en Colombia/Empleo/Edición y producción/Ventas/Mercado del libro en Colombia/Comercio Exterior/Derechos de autor/Inversión en promoción y publicidad/Edición producción y venta de las editoriales universitarias/Registro de titulo en l
650 2 4 _aCámara Colombiana del Libro
_99980
650 2 4 _aIndustria del libro Libros
_99981
650 2 4 _aMercadeo
_xLibros
_99982
942 _2ddc
_cBK
999 _c4912
_d4912